<?xml version="1.0" encoding="UTF-8"?>
<record
    xmlns:xsi="http://www.w3.org/2001/XMLSchema-instance"
    xsi:schemaLocation="http://www.loc.gov/MARC21/slim http://www.loc.gov/standards/marcxml/schema/MARC21slim.xsd"
    xmlns="http://www.loc.gov/MARC21/slim">

  <leader>01416nam a2200181Ia 4500</leader>
  <controlfield tag="008">220216s9999    xx            000 0 und d</controlfield>
  <datafield tag="100" ind1=" " ind2=" ">
    <subfield code="a">Chuah H T</subfield>
  </datafield>
  <datafield tag="245" ind1=" " ind2="0">
    <subfield code="a">Microwave dielectric properties of rubber and oil palm leaf samples: Measurement and modelling</subfield>
  </datafield>
  <datafield tag="260" ind1=" " ind2=" ">
    <subfield code="b">International Journal of Remote Sensing</subfield>
    <subfield code="c">1997</subfield>
  </datafield>
  <datafield tag="300" ind1=" " ind2=" ">
    <subfield code="a">2623-2639</subfield>
  </datafield>
  <datafield tag="500" ind1=" " ind2=" ">
    <subfield code="a">Source Year: 1997</subfield>
  </datafield>
  <datafield tag="520" ind1=" " ind2=" ">
    <subfield code="a">Dielectric constants of leaves of rubber (Hevea brasiliensis) and oil palm (Elaeis guineensis) were measured at microwave frequency. Using a microcomputer-based automated system consisting of a Wiltron 360B vector network analyser, measurements were conducted based on the waveguide thin sheet technique. Leaf saples were inserted within waveguide sections, and the dielectric constants were calculated from the complex reflection coefficients. The measurements covered a frequency range of 4-18 GHz. In general, the dielectric constant of a leaf sample was a function of water content and frequency. Theoretical calculations from 3 dielectric mixing models were compared with the measurements. From these comparisons, the Debye-Cole dual-dispersion model showed the most promise for prediction of dielectric constants, if proper physical parameters of the model, such as bound and free-water volume fractions, were used.</subfield>
  </datafield>
  <datafield tag="650" ind1=" " ind2=" ">
    <subfield code="a">Rubber</subfield>
  </datafield>
  <datafield tag="700" ind1=" " ind2=" ">
    <subfield code="a">Chye Y H</subfield>
  </datafield>
  <datafield tag="700" ind1=" " ind2=" ">
    <subfield code="a">Kam S W</subfield>
  </datafield>
  <datafield tag="856" ind1=" " ind2=" ">
    <subfield code="u">HOA</subfield>
  </datafield>
  <datafield tag="942" ind1=" " ind2=" ">
    <subfield code="c">JS</subfield>
  </datafield>
  <datafield tag="999" ind1=" " ind2=" ">
    <subfield code="c">62947</subfield>
    <subfield code="d">62947</subfield>
  </datafield>
  <datafield tag="952" ind1=" " ind2=" ">
    <subfield code="0">0</subfield>
    <subfield code="1">0</subfield>
    <subfield code="4">0</subfield>
    <subfield code="7">8</subfield>
    <subfield code="a">MAIN</subfield>
    <subfield code="b">MAIN</subfield>
    <subfield code="c">92</subfield>
    <subfield code="d">2021-12-17</subfield>
    <subfield code="h">Volume 18, Issue 12</subfield>
    <subfield code="l">0</subfield>
    <subfield code="r">2021-12-17 00:00:00</subfield>
    <subfield code="w">2022-02-16</subfield>
    <subfield code="y">JS</subfield>
  </datafield>
</record>
